Cvičná firma pre absolventov - most medzi teóriou a praxou
Guardado en:
| Autor principal: | |
|---|---|
| Formato: | Capítulo de libro |
| Lenguaje: | eslovaco |
| Etiquetas: |
Sin Etiquetas, Sea el primero en etiquetar este registro!
|
MARC
| LEADER | 00000naa$a2200000$$$4500 | ||
|---|---|---|---|
| 001 | 0129180 | ||
| 005 | 20240502083323.9 | ||
| 041 | 0 | |a slo | |
| 044 | |a CZ | ||
| 245 | 1 | 0 | |a Cvičná firma pre absolventov - most medzi teóriou a praxou |c Ľudmila Velichová |
| 100 | 1 | |a Velichová, Ľudmila | |